Operation venus (Record no. 141307)

MARC details
000 -LEADER
fixed length control field 00648nam a2200241 i 4500
001 - CONTROL NUMBER
control field C2-0344741
003 - CONTROL NUMBER IDENTIFIER
control field PPAK
005 - DATE AND TIME OF LATEST TRANSACTION
control field 20180728145458.0
008 - FIXED-LENGTH DATA ELEMENTS--GENERAL INFORMATION
fixed length control field 180111s2015 ii |||| ||||| | tam d
020 ## - INTERNATIONAL STANDARD BOOK NUMBER
International Standard Book Number 9789382578840
040 ## - CATALOGING SOURCE
Original cataloging agency PPAK
Language of cataloging eng
Transcribing agency PPAK
Description conventions rda
082 04 - DEWEY DECIMAL CLASSIFICATION NUMBER
Classification number 894.8113
Edition number 23
090 00 - LOCALLY ASSIGNED LC-TYPE CALL NUMBER (OCLC); LOCAL CALL NUMBER (RLIN)
Classification number (OCLC) (R) ; Classification number, CALL (RLIN) (NR) 894.8113
Feature heading PRA
Feature heading G
100 1# - MAIN ENTRY--PERSONAL NAME
Personal name Prabhakar, Pattukottai,
Relator term author
245 10 - TITLE STATEMENT
Title Operation venus
264 #1 - PRODUCTION, PUBLICATION, DISTRIBUTION, MANUFACTURE, AND COPYRIGHT NOTICE
Place of production, publication, distribution, manufacture Chennai, India :
Name of producer, publisher, distributor, manufacturer Vanavil Puthakalayam ,
Date of production, publication, distribution, manufacture, or copyright notice 2015
300 ## - PHYSICAL DESCRIPTION
Extent 183 pages ;
Dimensions 22 cm
336 ## - CONTENT TYPE
Source rdacontent
Content type term text
337 ## - MEDIA TYPE
Source rdamedia
Media type term unmediated
338 ## - CARRIER TYPE
Source rdacarrier
Carrier type term volume
650 10 - SUBJECT ADDED ENTRY--TOPICAL TERM
Topical term or geographic name entry element Tamil fiction.
942 ## - ADDED ENTRY ELEMENTS (KOHA)
-- dc
Koha item type Book
Holdings
Withdrawn Not for loan Current library Shelving location Date acquired Full call number Barcode Date last seen Koha item type Total Checkouts Total Renewals Date last checked out
    Perpustakaan Alor Setar Pinjaman Dewasa 30/01/2018 894.8113 PRA A01563954 09/05/2018 Book      
    Perpustakaan Kulim Pinjaman Dewasa 30/01/2018 894.8113 PRA A01563955 28/02/2024 Book 2 1 17/02/2024